Statistics for Liverpool Greatest XI Of All Time

Click here to take the quiz!

General Stats

  • This quiz has been taken 400 times
  • The average score is 5 of 11

Answer Stats

PositionPlayer% Correct
CMSteven Gerrard
95%
CBVirgil van Dijk
91%
FWIan Rush
75%
RWLuis Suárez
69%
FWKenny Dalglish
66%
CMGraeme Souness
32%
GKRay Clemence
28%
CBAlan Hansen
27%
RBPhil Neal
22%
LBAlan Kennedy
18%
LWBilly Liddell
16%

Score Distribution

Percentile by Number Answered

Percent of People with Each Score

Your Score History

You have not taken this quiz